| 000 | 00832nam a22002177a 4500 | ||
|---|---|---|---|
| 999 |
_c17890 _d17890 |
||
| 003 | AR-CdUCM | ||
| 008 | 190510b ||||| |||| 00| 0 spa d | ||
| 040 |
_aMUNICIPALIDAD PROVINCIAL DEL CUSCO _cBIBLIOTECA MUNICIPAL DEL CUSCO |
||
| 082 |
_23ed _a190.071 / _bJ29 |
||
| 100 |
_aJames, William _938107 |
||
| 245 | _aCompendio de psicología / | ||
| 260 |
_aBuenos Aires : _bEmecé, _c1963. |
||
| 300 |
_a431 páginas ; _bIlustraciones, _c21 cm. |
||
| 440 |
_aSelección de Emecé de obras contemporaneas _938108 |
||
| 505 | _aContenido: De la sensación en general -- Vista -- Audición -- EL tacto, el sentido térmico, el sentido muscular y el dolor... | ||
| 650 |
_aPsicología _91538 |
||
| 650 |
_aSentidos para psicología _938109 |
||
| 650 |
_aEl sentido sensorial _938110 |
||
| 942 |
_2ddc _cLIBROS |
||
| 945 |
_adavv _d2019-05-10 |
||